| 000 | 00698nam a22002417a 4500 | ||
|---|---|---|---|
| 003 | UA-OsUOA | ||
| 001 | 20755 | ||
| 007 | ta | ||
| 008 | 20031103b un ||||| |||| 00| 0 ukr d | ||
| 100 | _aВачнадзе Георгій | ||
| 090 |
_a930.22(47+57) _bВ22 |
||
| 942 | _cBK | ||
| 040 |
_aUA-OsUOA _brus _cUA-OsUOA _dUA-OsUOA |
||
| 245 |
_aЗа кулисами одной диверсии. _bКто направлял руку террориста на площади Святого Петра |
||
| 300 | _a287 с. | ||
| 955 | _a0 | ||
| 041 | _arus | ||
| 080 | _a930.22(47+57) | ||
| 260 |
_aМосква _bПолитиздат _c1985 |
||
| 044 | _aRU | ||
| 650 | 7 | _2UDC | |
| 999 |
_c306938 _d306938 |
||